| 000 | 01003aam a2200361 4500 | ||
|---|---|---|---|
| 005 | 20250618165418.0 | ||
| 008 | 150410b2007 xxu||||| |||| 00| 0 spa d | ||
| 020 | _a9701504089 | ||
| 041 | _aESP | ||
| 082 | _a658.404 F678e12 | ||
| 100 |
_aFontine, Ernesto _932856 |
||
| 245 | _aEvaluación social de proyectos | ||
| 250 | _a12 edición | ||
| 260 | _aMéxico | ||
| 260 | _c2007 | ||
| 260 | _bAlfaomega | ||
| 300 | _a471 páginas | ||
| 490 | _aDirección y Administración de Empresas | ||
| 505 | _aContiene disco compacto N° 465 | ||
| 505 | _aDisco compacto contiene estudios de casos. | ||
| 650 | _aGERENCIA DE PROYECTOS | ||
| 650 | _aADMINISTRACION DE PROYECTOS | ||
| 650 | _aFORMULACIÓN DEL PROYECTO | ||
| 650 | _aVALOR SOCIAL | ||
| 650 | _aPRODUCCIÓN | ||
| 650 | _aEVALUACIÓN DE PROYECTOS | ||
| 650 | _aCICLO DE PROYECTOS | ||
| 650 | _aCOSTO DE PROYECTOS | ||
| 650 | _aINVERSIONES | ||
| 650 | _aECONOMÍA | ||
| 650 | _aEVALUACIÓN SOCIAL | ||
| 942 |
_cBK _2ddc |
||
| 999 |
_c4464 _d4464 |
||